000 00844nas a2200265 4500
001 BR2012000463
003 BR-BrBNA
005 20231205120210.0
007 ta
008 230509b bl.|||p| |||| 00| 00por d
040 _aBR-BrBNA
_bpor
_cBiblioteca Nacional de Agricultura
041 _a(Pt)
072 _aM11; U30
100 1 _aMeneses, T.S.
100 1 _aPereira, C.W.
100 1 _aSantos, F.N.
245 1 _aPequenos tubarões costeiros capturados por espinhel de fundo operado por embarcação artesanal no litoral de Sergipe
650 _aPESQUISA PESQUEIRA
650 _aMÉTODO DE PESCA
650 _aPESCA ARTESANAL
650 _aCAÇÃO
773 0 _tArquivos de Ciências do Mar (Brazil)
_xISSN 0374-5886
_g(2011), v. 44(1) p. 47-52
_wBR2012000463
909 _a202311
_bLúcia
_c55
_dLúcia Elande
942 _2AGRIS
_n0
_cANA
999 _c217413
_d217413